مكتبة جامعة عجلون الوطنية

فهرس بحث المكتبة

Normal view MARC view
  • Arnold,John / Hope, Tony

Entry Personal Name

Number of records used in: 1

001 - CONTROL NUMBER

  • control field: 3458

003 - CONTROL NUMBER IDENTIFIER

  • control field: JO-AjAnu

005 - DATE AND TIME OF LATEST TRANSACTION

  • control field: 20230606070853.0

008 - FIXED-LENGTH DATA ELEMENTS

  • fixed length control field: 230606|| aca||aabn | a|a d

040 ## - CATALOGING SOURCE

  • Original cataloging agency: JO-AjAnu
  • Transcribing agency: JO-AjAnu

100 ## - HEADING--PERSONAL NAME

  • Personal name: Arnold,John / Hope, Tony

670 ## - SOURCE DATA FOUND

  • Source citation: Work cat.: (JO-AjAnu)1805: Arnold,John / Hope, Tony, author, Accounting for Management Decisions